| 000 | 00491nam a2200169 a 4500 | ||
|---|---|---|---|
| 005 | 20140310183206.0 | ||
| 008 | 030127s19uu xx 00 eng d | ||
| 050 |
_aP 91.3 _b.R38 1994 |
||
| 100 | _aReinard, John C. | ||
| 245 |
_aIntroduction to communication research / _cJohn C. Reinard. |
||
| 260 |
_aUSA : _bWCB Communications Inc., _c1994. |
||
| 300 |
_a366 p. : _c24 cm. |
||
| 521 | _aMC | ||
| 650 |
_aCommunication _xresearch _xmethodology |
||
| 942 |
_cBK _2lcc _kFOR |
||
| 999 |
_c19993 _d19993 |
||